00230nam a2200097Ia 4500008004100000100001600041245003000057260002100087942000700108999001700115190216s9999||||xx |||||||||||||| ||und|| aKurup K K N 0aCristeliyan Anthasraviyam bBhasha Institute cBK c38806d38806